[Event "Valby K41 Spring-B"]
[Site "Valby"]
[Date "2008.04.22"]
[Round "4"]
[White "Eiholt, Bjarne"]
[Black "Pedersen, Egmont"]
[Result "1-0"]
[WhiteElo "1331"]
[BlackElo "1114"]
[PlyCount "35"]
[EventDate "2008.03.25"]
[EventType "swiss"]
[EventRounds "7"]
[EventCountry "DEN"]
[SourceTitle "EXT 2023"]
[Source "ChessBase"]
[SourceDate "2022.10.05"]
[SourceVersion "1"]
[SourceVersionDate "2022.10.05"]
[SourceQuality "1"]

1. d4 d5 2. c4 e6 3. Nc3 Nf6 4. cxd5 exd5 5. Bg5 Be7 6. e3 Nbd7 7. Bd3 h6 8. Bh4 0-0 9. Nge2 c5 10. 0-0 c4 11. Bf5 a6 12. a4 Nb8 13. Bxc8 Qxc8 14. Bxf6 Bxf6 15. Nxd5 Qd8 16. Nxf6+ Qxf6 17. Nc3 Qd8 18. Qe2 1-0

[Event "Valby K41 Autumn-C"]
[Site "Valby"]
[Date "2007.10.30"]
[Round "7"]
[White "Lichtenberg, Ivan"]
[Black "Pedersen, Egmont"]
[Result "1/2-1/2"]
[WhiteElo "1244"]
[BlackElo "1243"]
[PlyCount "92"]
[EventDate "2007.09.11"]
[EventType "swiss"]
[EventRounds "7"]
[EventCountry "DEN"]
[SourceTitle "EXT 2023"]
[Source "ChessBase"]
[SourceDate "2022.10.05"]
[SourceVersion "1"]
[SourceVersionDate "2022.10.05"]
[SourceQuality "1"]

1. e4 c5 2. Nf3 d6 3. d4 cxd4 4. Nxd4 Nf6 5. Nc3 a6 6. f3 e6 7. Be3 Qc7 8. Qd2 Nbd7 9. 0-0-0 b5 10. g4 h6 11. h4 Ne5 12. Be2 Bb7 13. g5 hxg5 14. hxg5 Rxh1 15. Rxh1 Nfd7 16. b3 Qa5 17. Kb2 0-0-0 18. a3 Be7 19. b4 Qc7 20. Rh7 Bf8 21. f4 Nc4+ 22. Bxc4 Qxc4 23. Nb3 Kb8 24. Na5 Qc7 25. Qd4 Ba8 26. f5 e5 27. Qd3 Nb6 28. Nd5 Nxd5 29. exd5 Rc8 30. Rh4 Be7 31. c4 bxc4 32. Rxc4 Qd7 33. Rxc8+ Qxc8 34. b5 Bb7 35. Nc6+ Bxc6 36. bxc6 Kc7 37. Qb3 Qb8 38. Qxb8+ Kxb8 39. Kc3 Bd8 40. Kb4 Bc7 41. a4 Bd8 42. Kc4 Kc8 43. Bd2 Kb8 44. Kd3 Kc8 45. Ke4 Kb8 46. Kf3 Bc7 1/2-1/2

[Event "Valby K41 Autumn-C"]
[Site "Valby"]
[Date "2007.10.09"]
[Round "5"]
[White "Pedersen, Egmont"]
[Black "Kristensen, Steffen Michael"]
[Result "1-0"]
[WhiteElo "1243"]
[BlackElo "1214"]
[PlyCount "31"]
[EventDate "2007.09.11"]
[EventType "swiss"]
[EventRounds "7"]
[EventCountry "DEN"]
[SourceTitle "EXT 2023"]
[Source "ChessBase"]
[SourceDate "2022.10.05"]
[SourceVersion "1"]
[SourceVersionDate "2022.10.05"]
[SourceQuality "1"]

1. Nf3 d5 2. d4 c5 3. dxc5 e6 4. e3 Bxc5 5. a3 a5 6. Nbd2 Ne7 7. c4 0-0 8. Be2 dxc4 9. Bxc4 Nf5 10. Be2 b6 11. Nb3 Qxd1+ 12. Bxd1 Nd7 13. Be2 Bb7 14. 0-0 Bd5 15. Nbd2 Bd6 16. e4 1-0